Todos os jogadores do Arsenal - Statistics

Estatísticas Gerais
  • Esse quiz foi jogado 80 vezes
  • A pontuação média é 16 de 26
Estatísticas das Respostas
Numero Jogador % Correto
9 Gabriel Jesus
99%
6 Gabriel Magalhaes
96%
11 Gabriel Martinelli
94%
7 Bukayo Saka
93%
8 Martin Odegaard
90%
22 David Raya
82%
Treinador Mikel Arteta
79%
2 William Saliba
75%
1 Aaron Ramsdale
72%
41 Declan Rice
72%
4 Ben white
67%
29 Kai Havertz
64%
19 Leandro Trossard
64%
20 Jorginho
63%
35 Oleksandr Zinchenko
60%
5 Thomas Partey
58%
14 Eddie Nketiah
57%
18 Takehiro Tomiyasu
49%
10 Emile Smith Rowe
46%
15 Jakub Kiwior
43%
12 Jurrien Timber
43%
21 Fabio Vieira
40%
24 Reiss Nelson
37%
17 Cedric
28%
25 Mohamed Elneny
28%
31 Karl Hein
16%
Nenhum quiz correspondente encontrado
Distribuição das Pontuações
Porcentagem de Pessoas com Cada Pontuação
Percentil de Números Respondidos
Sua Pontuação Histórica
Você não jogou esse quiz